Top 10 pays possédant le plus de terres agricoles - Statistiques

Statistiques générales
  • Ce quiz a été pris 73 fois
  • Le résultat moyen est 2 sur 10
Statistiques - réponses
% du territoire Pays % Correct
79.4% Afrique du Sud
48%
76.3% Nigéria
45%
80.4% Uruguay
33%
76.1% Bangladesh
20%
73.9% Jordanie
10%
75.8% Syrie
8%
79.2% Burundi
7%
85.6% Lesotho
5%
80.8% Arabie Soudite
0%
79.3% Kazaksthan
0%
Aucun quiz correspondant
Distribution des résultats
% des personnes avec chaque résultat
Percentile par nombre de réponses
Votre historique - résultats
Vous n’avez pas pris ce quiz